Estimación de la mortalidad materna sobre la base de la información censal: experiencias y perspectivas /
Gorde:
| Egile nagusia: | |
|---|---|
| Formatua: | Texto |
| Hizkuntza: | Spanish |
| Etiketak: |
Etiketa erantsi
Etiketarik gabe, Izan zaitez lehena erregistro honi etiketa jartzen!
|
MARC
| LEADER | 00000 a a2200000 04500 | ||
|---|---|---|---|
| 001 | 46530 | ||
| 003 | cru CIDCACS/IIS | ||
| 005 | 20180509143333.0 | ||
| 007 | ta | ||
| 008 | 170823t cl |||p|r|||| 00| 0 spa d | ||
| 999 | |c 27830 |d 27830 | ||
| 040 | |c cru CIDCACS/IIS | ||
| 100 | 1 | |a Ruiz, Magda | |
| 245 | 1 | |a Estimación de la mortalidad materna sobre la base de la información censal: |b experiencias y perspectivas / |c Magda Ruiz | |
| 300 | |a páginas 69-96: |b tablas, gráficos | ||
| 773 | 0 | |0 40300 |9 1149 |a Centro Latinoamericano y Caribeño de Demografía (CELADE)-División de la CEPAL |d Santiago, Chile: CELADE -CEPAL, |o 15502 |t Notas de Población / |x 9789211219319 | |
| 942 | |2 ddc |c PP | ||
